000
00266nam a22001217a 4500
008
171123b xxu||||| |||| 00| 0 eng d
041
_a
eng
080
_a
004
100
_a
27
101
_a
SHK
245
_a
FOCUSING ON COMPUTERS
_c
ROBERT..P
942
_2
udc
_c
BK
999
_c
38350
_d
38350